[Event "EU School-ch U17"]
[Site "Budva"]
[Date "2017.06.14"]
[Round "4"]
[White "Ayan, Bengu Sena"]
[Black "Nepomnyaschaya, Mariya"]
[Result "1-0"]
[WhiteElo "1788"]
[BlackElo "1682"]
[PlyCount "107"]
[EventDate "2017.06.11"]
[EventType "swiss"]
[EventRounds "7"]
[EventCountry "MNE"]
[SourceTitle "EXT 2024"]
[Source "ChessBase"]
[SourceDate "2023.10.10"]
[SourceVersion "1"]
[SourceVersionDate "2023.10.10"]
[SourceQuality "1"]

1. d4 Nf6 2. c4 d6 3. Nc3 e5 4. d5 Bf5 5. Qb3 Qc8 6. e3 Be7 7. Nge2 Nbd7 8. Ng3 Nc5 9. Qd1 Bg6 10. b4 Ncd7 11. Bd3 a5 12. Bxg6 hxg6 13. b5 Nc5 14. e4 Nfd7 15. 0-0 Qd8 16. f4 exf4 17. Bxf4 Bf6 18. Rc1 Ne5 19. b6 Ned3 20. Nge2 Nxc1 21. Qxc1 cxb6 22. Nb5 Be5 23. Qe3 Qd7 24. Qf3 0-0 25. Bxe5 dxe5 26. Nec3 Rad8 27. Qg3 Rfe8 28. d6 Re6 29. Qh4 Rxd6 30. Nxd6 Qxd6 31. Rd1 Nd3 32. Nd5 Qc5+ 33. Kf1 g5 34. Qg3 Qxc4 35. Qxd3 Qxd3+ 36. Rxd3 Kf8 37. Ke2 Rd6 38. Rb3 Rc6 39. Kd3 Rh6 40. h3 Rd6 41. Rxb6 Rd7 42. Kc4 Ke8 43. Kc5 a4 44. a3 Kd8 45. Rd6 Ke8 46. Rxd7 Kxd7 47. Nb6+ Ke6 48. Nxa4 f5 49. Nc3 fxe4 50. Nxe4 Kf5 51. Kd5 g6 52. g3 b6 53. Nd6+ Kf6 54. g4 1-0

[Event "EU School-ch U17 Girls"]
[Site "Budva"]
[Date "2017.06.12"]
[Round "2.2"]
[White "Nepomnyaschaya, Mariya"]
[Black "Danilova, Rada"]
[Result "0-1"]
[WhiteElo "1682"]
[BlackElo "1887"]
[PlyCount "130"]
[EventDate "2017.06.11"]
[EventType "swiss"]
[EventRounds "7"]
[EventCountry "MNE"]
[SourceTitle "EXT 2024"]
[Source "ChessBase"]
[SourceDate "2023.10.10"]
[SourceVersion "1"]
[SourceVersionDate "2023.10.10"]
[SourceQuality "1"]

1. Nf3 Nf6 2. g3 g6 3. Bg2 Bg7 4. 0-0 0-0 5. d3 d5 6. Nbd2 c5 7. e4 Nc6 8. c3 b6 9. Qc2 dxe4 10. Nxe4 Ba6 11. Rd1 Rc8 12. h3 Nd7 13. Qa4 Bb7 14. d4 cxd4 15. Nxd4 Nxd4 16. cxd4 Bc6 17. Nf6+ Nxf6 18. Bxc6 Qd6 19. Bg2 Nd5 20. a3 a5 21. Qb3 Rfd8 22. Bg5 h6 23. Bc1 e6 24. Qa4 Qc7 25. Rb1 Kh7 26. Bd2 Qc4 27. Qxc4 Rxc4 28. Be3 Rd6 29. Bf1 Rc8 30. Rd2 Rcd8 31. Rbd1 Ne7 32. Bg2 Nf5 33. d5 Nxe3 34. fxe3 exd5 35. Bxd5 Bxb2 36. Rxb2 Rxd5 37. Rxd5 Rxd5 38. Rxb6 Rd3 39. a4 Rxe3 40. Kf2 Re4 41. Rf6 Kg7 42. Ra6 Rxa4 43. Ke2 Re4+ 44. Kd3 Re5 45. h4 g5 46. hxg5 Rxg5 47. g4 Re5 48. Kd4 f6 49. Kd3 Kg6 50. Kd4 Rb5 51. Kd3 Kg5 52. Kc4 Rb4+ 53. Kc3 Rxg4 54. Rxa5+ f5 55. Kd3 Re4 56. Ra8 h5 57. Rg8+ Kf4 58. Rg1 Re3+ 59. Kd2 Re5 60. Rh1 Kg4 61. Rg1+ Kf3 62. Rh1 f4 63. Rf1+ Kg3 64. Kd3 f3 65. Ra1 f2 0-1

[Event "EU-ch U16 Girls 26th"]
[Site "Prague"]
[Date "2016.08.25"]
[Round "7"]
[White "Ciocan, Maria Alexandra"]
[Black "Nepomnyaschaya, Mariya"]
[Result "1-0"]
[WhiteElo "1742"]
[BlackElo "1569"]
[PlyCount "59"]
[EventDate "2016.08.18"]
[EventType "swiss"]
[EventRounds "9"]
[EventCountry "CZE"]
[SourceTitle "CBM 174 Extra"]
[Source "ChessBase"]
[SourceDate "2016.10.10"]
[SourceVersion "1"]
[SourceVersionDate "2016.10.10"]
[SourceQuality "1"]

1. e4 c5 2. Nc3 Nc6 3. Bb5 Nd4 4. Bc4 g6 5. Nge2 Bg7 6. Nxd4 cxd4 7. Qf3 e6 8. Nb5 d6 9. Qa3 Be5 10. 0-0 d5 11. exd5 exd5 12. Re1 Be6 13. Rxe5 dxc4 14. Nd6+ Kf8 15. Nxc4+ Kg7 16. d3 Nf6 17. Bg5 Qc7 18. Bxf6+ Kxf6 19. Rae1 Rhd8 20. b3 a6 21. R5e2 b5 22. Ne5 Re8 23. Qc1 Kg7 24. Qf4 Qc5 25. Ng4 Qf5 26. Qxd4+ Kf8 27. Nf6 Red8 28. Qh4 h5 29. Re5 g5 30. Qb4+ 1-0